تحميل...

The new Bloomsday book : a guide through Ulysses /

التفاصيل البيبلوغرافية
المؤلف الرئيسي: Blamires, Harry
التنسيق: Printed Book
اللغة:English
منشور في: London ; New York : Routledge, 1996.
الطبعة:3rd ed.
الموضوعات:
الوصول للمادة أونلاين:http://www.loc.gov/catdir/enhancements/fy0649/95044440-d.html
LEADER 01016cam a2200241 a 4500
008 951002s1996 enka b 001 0 eng
010 |a  95044440  
020 |a 0415138574 (hbk.) 
020 |a 0415138582 (pbk.) 
082 0 0 |a 823.912  |2 20 
100 1 |a Blamires, Harry. 
245 1 4 |a The new Bloomsday book :  |b a guide through Ulysses /  |c Harry Blamires. 
250 |a 3rd ed. 
260 |a London ;  |a New York :  |b Routledge,  |c 1996. 
300 |a xvi, 253 p. :  |b ill. ;  |c 23 cm. 
504 |a Includes bibliographical references and index. 
600 1 0 |a Joyce, James,  |d 1882-1941.  |t Ulysses. 
856 4 2 |u http://www.loc.gov/catdir/enhancements/fy0649/95044440-d.html 
906 |a 7  |b cbc  |c orignew  |d 1  |e ocip  |f 19  |g y-gencatlg 
942 |c BK 
955 |a pc20 to la00 10-02-95; lj10 to subj 10-03-95; lh06 10-3-95 ; lk46 10-04-95; CIP ver. yb07 12-26-96 
999 |c 353341  |d 353341 
952 |0 0  |1 0  |2 ddc  |4 0  |6 823_912000000000000_BLA_N  |7 0  |9 408621  |a SDE  |b SDE  |c ST1  |d 2020-10-13  |i 947  |l 0  |o 823.912 BLA/N  |p SDE947  |r 2020-10-13  |w 2020-10-13  |y BK